00000000nam 2200000zi 4500
0019.922116
003CaOODSP
00520230501143242
006m     o  d f      
007cr |n|||||||||
008230501t19991999onc     or   f|0| 0 eng d
020 |z0662641337
040 |aCaOODSP|beng|erda|cCaOODSP
043 |an-cn---
0861 |aC2-420/1990E-PDF
24500|aCanadian railway suppliers directory.
264 1|aOttawa : |bIndustry Canada = Industrie Canada, |c1999.
264 4|c©1999
300 |a1 online resource (80 pages)
336 |atext|btxt|2rdacontent
337 |acomputer|bc|2rdamedia
338 |aonline resource|bcr|2rdacarrier
500 |aIssued also in French under title: Répertoire des fournisseurs canadiens de matériel ferroviaire.
500 |aDigitized edition from print [produced by Innovation, Science and Economic Development Canada].
650 0|aTransportation equipment industry|zCanada.
650 0|aRailroads|xEquipment and supplies|zCanada.
7101 |aCanada. |bIndustry Canada, |eissuing body.
77508|tRépertoire des fournisseurs canadiens de matériel ferroviaire.|w(CaOODSP)9.922121
7760#|tCanadian railway suppliers directory |w(CaOODSP)9.660871
85640|qPDF|s2.00 MB|uhttps://publications.gc.ca/collections/collection_2023/isde-ised/c2/C2-420-1999-eng.pdf